| 000 | 00589ntaaa2200217 4500 | ||
|---|---|---|---|
| 003 | 01 | ||
| 005 | 20251027203143.0 | ||
| 008 | 0714s1973 ag 01 | ||
| 020 | _a9879403541 | ||
| 040 |
_aAR-BaBN _bspa _cAR-BaBN _eaacr _dRIC |
||
| 082 | _a269.0100 Ar1t | ||
| 100 |
_aArana Quiroz, Pedro _91411 |
||
| 245 | _aEl trino Dios y la mision integral | ||
| 250 | _a1 ed. | ||
| 260 |
_aBuenos Aires : _bKairos, _c2003 |
||
| 300 |
_a147 [149] p ; _c20 cm |
||
| 500 | _aContiene referencias bibliograficas | ||
| 700 |
_aEscobar, Samuel _91057 |
||
| 700 |
_aPadilla, C. Rene _9714 |
||
| 942 | _cBK | ||
| 999 |
_c26987 _d26987 |
||